Bài giảng nhiệt học

Сохранить в:
Библиографические подробности
Главный автор: Trần Thức Tuấn
Формат:
Опубликовано: Huế ĐHSP Huế 1999
Предметы:
Метки: Добавить метку
Нет меток, Требуется 1-ая метка записи!
Thư viện lưu trữ: Trung tâm Học liệu Lê Vũ Hùng, Trường Đại học Đồng Tháp
LEADER 00800pam a22002538a 4500
001 00023727
005 20171026081023.0
008 110629s1999 |||||| sd
082 1 4 |a 536.071  |b B103GI 
100 0 # |a Trần Thức Tuấn 
245 0 0 |a Bài giảng nhiệt học  |c Trần Thức Tuấn 
260 # # |a Huế  |b ĐHSP Huế  |c 1999 
300 # # |a 120tr.  |c 28cm. 
500 # # |a ĐTTS ghi: Bộ GD và ĐT.Trường ĐHSP Huế 
650 # 4 |a Giáo trình 
650 # 4 |a Nhiệt học 
653 # # |a Khí hậu 
852 # # |b Kho giáo trình  |j KGT.0006166 
852 # # |b Kho mượn  |j KGT.0006166 
852 # # |j KGT.0006166 
910 0 # |d 29/06/2011 
980 # # |a Trung tâm Học liệu Lê Vũ Hùng, Trường Đại học Đồng Tháp